书目信息 |
| 书名: | Moths | |
| 作者: | Karl Manders | |
| 分册号: | ||
| 分册名: | 出版地: | Great Britain |
|
| 出版社: | Vintage Books | |
| 出版时间: | 2007 | |
| 页数: | 310p | |
| 开本: | 22cm | |
| 丛书名: | ||
| 中图分类号: | ||
| 科图分类号: | ||
| 其他分类号: | I561.4 | |
| 主题词: | ||
| 电子资源: | ||
| 000 | 00377nam0 2200145 450 | |
| 001 | 202012003004 | |
| 005 | 20121202103315.0 | |
| 008 | 12120201s | |
| 020 | @a9780099507031@c$21.95 | |
| 099 | @dI561.4@eK1848 | |
| 245 | 10 | @aMoths@cKarl Manders |
| 260 | 0 | @aGreat Britain@bVintage Books @c2007 |
| 300 | @a310p@c22cm | |
| 905 | @b14064-5 | |
| 905 | @aTSG@dI561.4@eK1848 | |
| Moths / Karl Manders.-Great Britain : Vintage Books , 2007 |
| 310p ; 22cm |
| ISBN 9780099507031$21.95 |
| ● |
| 相关链接 |
|
|
|
正题名:Moths
索取号:I561.4/K1848
 
预约/预借
| 序号 | 登录号 | 条形码 | 馆藏地/架位号 | 状态 | 备注 |
| 1 | 14064 | 300140648 | 文学库116/400A自科库 16排2列6层/ [索取号:I561.4/K1848] | 在馆 | |
| 2 | 14065 | 300140657 | 文学库116/400A自科库 16排2列6层/ [索取号:I561.4/K1848] | 在馆 |